KOHA-Header-6

شاہراہ جنت (Record no. 13575)

000 -LEADER
fixed length control field 00302nam a22001217a 4500
082 ## - DEWEY DECIMAL CLASSIFICATION NUMBER
Classification number 297.122
100 ## - MAIN ENTRY--AUTHOR NAME
Personal name شفق صدیقی
245 ## - TITLE STATEMENT
Title شاہراہ جنت
260 ## - PUBLICATION, DISTRIBUTION, ETC. (IMPRINT)
Place of publication ڈنمارک
Name of publisher انجمن فروغ اردو
Year of publication ٢٠١٤
300 ## - PHYSICAL DESCRIPTION
Number of Pages 412 صفحات
650 ## - SUBJECT ADDED ENTRY--TOPICAL TERM
Topical Term Shahrah-e-Jannat
942 ## - ADDED ENTRY ELEMENTS (KOHA)
Koha item type Books
Holdings
Withdrawn status Lost status Collection code Permanent Location Current Location Shelving location Date acquired Full call number Accession Number Koha item type
    Islamic Studies MAJU MAJU Shelf No.A-9 2022-12-16 297.122 10676 Books

Powered by Koha